Statystyki dla Państwa, według produktu którego najwięcej eksportują.

Kliknij tutaj aby rozwiązać quiz!

Ogólne statystyki

  • Ten quiz został rozwiązany 44 razy
  • Średni wynik to 13 z 21

Statystyki odpowiedzi

ProduktPaństwo% Poprawnych
PszenicaChiny
100%
KukurydzaUSA
92%
WinoFrancja
90%
Trzcina CukrowaBrazylia
87%
ImbirIndie
87%
AwokadoMeksyk
82%
StorczykiJaponia
79%
DaktyleEgipt
72%
CukiniaHiszpania
72%
AgawaKolumbia
69%
SłonecznikUkraina
69%
FigiTurcja
64%
CzosnekIndonezja
62%
PistacjeIran
56%
Orzechy NerkowcaWietnam
54%
GumaTajlandia
49%
KakaoWybrzeże Kości Słoniowej
26%
WykaEtiopia
23%
FasolaMjanma
23%
Gałka MuszkatołowaGwatemala
21%
BananyFilipiny
18%

Rozkład punktacji

Percentyl według liczby udzielonych odpowiedzi

Procent ludzi z każdym wynikiem

Twoja historia wyników

Nie rozwiązałeś tego quizu